Problemática actual de la recaudación tributaria de Costa Rica: propuesta de reformas /
Analiza la problemática de la evasión fiscal y sus causas, así como su incidencia en la administración y recaudación tributaria. Propone algunas reformas con respecto a la situación actual. REV//jmml
Gorde:
| Egile nagusia: | |
|---|---|
| Beste egile batzuk: | |
| Formatua: | Texto |
| Gaiak: | |
| Etiketak: |
Etiketa erantsi
Etiketarik gabe, Izan zaitez lehena erregistro honi etiketa jartzen!
|
MARC
| LEADER | 00000 a a2200000 04500 | ||
|---|---|---|---|
| 001 | 14125 | ||
| 003 | |||
| 040 | |||
| 100 | |a Porras Gómez, Carlos Daniel | ||
| 245 | |a Problemática actual de la recaudación tributaria de Costa Rica: |b propuesta de reformas / |c Carlos Daniel Porras Gómez ; Edgar Sandoval Montero | ||
| 520 | |a Analiza la problemática de la evasión fiscal y sus causas, así como su incidencia en la administración y recaudación tributaria. Propone algunas reformas con respecto a la situación actual. REV//jmml | ||
| 650 | |a RECAUDACION TRIBUTARIA | ||
| 650 | |a EVASION FISCAL | ||
| 650 | |a HACIENDA PUBLICA | ||
| 650 | |a ADMINISTRACION FISCAL | ||
| 650 | |a ESTADO | ||
| 650 | |a CORRUPCION | ||
| 650 | |a PROBLEMAS SOCIALES | ||
| 650 | |a IMPUESTOS | ||
| 650 | |a SECTOR PUBLICO | ||
| 650 | |a POLITICA FISCAL | ||
| 650 | |a PLANIFICACION DE LA ECONOMIA | ||
| 700 | |a Sandoval Montero, Edgar | ||
| 773 | |g número 37; páginas 173-185 | ||
| 999 | |c 33305 |d 33305 | ||
